Are you a real C. Ronaldo Fan? (Dec 2022) - Statistics

General Stats
  • This quiz has been taken 101 times
  • The average score is 11 of 15
Answer Stats
Question Answer % Correct
How Old is Ronaldo? 37
100%
How Many Goals has he scored in his Career 813
100%
What are all of Ronaldo's Clubs Sporting CP, Real Madrid, Manchester United, and Juventus
100%
How many World Cup wins does he have? 0
86%
What Number does he wear? 7
86%
What is Ronaldo's Nickname CR7
86%
Who is Ronaldo's Rival Lionel Messi
86%
What do you call Ronaldo after a Penalty Penaldo
86%
What National Team does he play for? Portugal
86%
What was his first club? Sporting CP
86%
What is Ronaldo's Favorite Club he played for? Real Madrid
71%
Who is the G.O.A.T. Ronaldo
71%
What is Ronaldo's Move Ronaldo Chop
71%
What team does Ronaldo Play For None. (Free Agent)
14%
What does Ronaldo Specialize in? Chops
0%
No matching quizzes found
Score Distribution
Percent of People with Each Score
Percentile by Number Answered
Your Score History
You have not taken this quiz